000 00554nam a2200229Ia 4500
003 OSt
005 20221005133156.0
006 a|||||r|||| 00| 0
007 ta
008 221004b |||||||| |||| 00| 0 rus d
024 _a53281
037 _cTextual
040 _aCRL
_cCRL
_brus
041 _2rus
_arus
082 _aO142,2NCH,1, 32H4
100 _aChekov
245 0 _aVivahalochama
260 _c1944
650 _aRUSSIAN LITERATURE
942 _hO142,2NCH,1, 32H4
_cTEXL
_2cc
999 _c1065994
_d1065994